[Event "Deggendorf op 2nd"]
[Site "Deggendorf"]
[Date "2008.05.18"]
[Round "5"]
[White "Zankl, Thomas"]
[Black "Hecker, Jakob"]
[Result "1/2-1/2"]
[WhiteElo "1891"]
[BlackElo "1500"]
[PlyCount "76"]
[EventDate "2008.05.16"]
[EventType "swiss"]
[EventRounds "5"]
[EventCountry "GER"]
[SourceTitle "CBM 124 Extra"]
[Source "ChessBase"]
[SourceDate "2008.07.03"]
[SourceVersion "1"]
[SourceVersionDate "2008.07.03"]
[SourceQuality "1"]

1. d4 Nf6 2. c4 e6 3. Nc3 Bb4 4. e3 d5 5. Bd3 Nc6 6. Nge2 0-0 7. c5 b6 8. a3 Bxc3+ 9. Nxc3 a5 10. Qa4 Bd7 11. Bb5 Na7 12. Bxd7 Qxd7 13. Qc2 b5 14. Bd2 a4 15. Na2 Nc6 16. Nb4 Ne4 17. Nxc6 Qxc6 18. Bb4 Rfe8 19. f3 Nf6 20. Bc3 Qb7 21. h4 h5 22. 0-0-0 c6 23. Rhg1 g6 24. Qf2 Qc7 25. g3 Kh7 26. Rgf1 Re7 27. Rde1 Ng8 28. g4 Nf6 29. gxh5 Nxh5 30. Rg1 f6 31. Qg2 Rg8 32. f4 Rf7 33. Rh1 Ra8 34. Reg1 Rg7 35. Rh2 f5 36. Qg5 Qe7 37. Be1 Qf6 38. Qg2 Qf7 1/2-1/2

[Event "Deggendorf op 2nd"]
[Site "Deggendorf"]
[Date "2008.05.17"]
[Round "2"]
[White "Hecker, Jakob"]
[Black "Froechel, Thomas"]
[Result "1-0"]
[WhiteElo "1500"]
[BlackElo "999"]
[PlyCount "25"]
[EventDate "2008.05.16"]
[EventType "swiss"]
[EventRounds "5"]
[EventCountry "GER"]
[SourceTitle "CBM 124 Extra"]
[Source "ChessBase"]
[SourceDate "2008.07.03"]
[SourceVersion "1"]
[SourceVersionDate "2008.07.03"]
[SourceQuality "1"]

1. e4 e6 2. d4 d5 3. Nc3 Bb4 4. e5 c5 5. a3 Bxc3+ 6. bxc3 c4 7. Nh3 Ne7 8. Be2 Nbc6 9. 0-0 0-0 10. Bh5 h6 11. Qg4 f5 12. Qg3 Qa5 13. Bxh6 1-0

[Event "Deggendorf op 2nd"]
[Site "Deggendorf"]
[Date "2008.05.16"]
[Round "1"]
[White "Haselbeck, Franz"]
[Black "Hecker, Jakob"]
[Result "1-0"]
[WhiteElo "1924"]
[BlackElo "1500"]
[PlyCount "85"]
[EventDate "2008.05.16"]
[EventType "swiss"]
[EventRounds "5"]
[EventCountry "GER"]
[SourceTitle "CBM 124 Extra"]
[Source "ChessBase"]
[SourceDate "2008.07.03"]
[SourceVersion "1"]
[SourceVersionDate "2008.07.03"]
[SourceQuality "1"]

1. Nf3 e6 2. d3 Be7 3. e4 d6 4. g3 b6 5. Bg2 Bb7 6. 0-0 Nd7 7. Nbd2 h6 8. a4 Bf6 9. Ne1 e5 10. Nc4 Ne7 11. f4 g5 12. fxe5 dxe5 13. Qh5 Ng6 14. Ne3 Qe7 15. Nf5 Qf8 16. Be3 Ne7 17. Bh3 0-0-0 18. a5 Kb8 19. axb6 cxb6 20. Nd6 Ng6 21. Nxb7 Kxb7 22. Bxd7 Rxd7 23. Rxf6 Qg7 24. Rf2 f6 25. Rg2 Ne7 26. Qg4 Rd6 27. Qe2 a6 28. c4 Rc6 29. b4 Ra8 30. Qa2 Rcc8 31. c5 b5 32. Qa5 Rc6 33. Nc2 f5 34. Na3 f4 35. Bd2 Qf8 36. gxf4 gxf4 37. Bc3 f3 38. Rg3 f2+ 39. Kf1 Qf4 40. Nxb5 Ng6 41. Nd6+ Ka7 42. b5 Rxd6 43. Qc7# 1-0